[Event "CAN-op"]
[Site "Edmonton CAN"]
[Date "2009.07.11"]
[Round "1.91"]
[White "Motuz, Vitaly"]
[Black "McCullough, David"]
[Result "1-0"]
[WhiteElo "1905"]
[BlackElo "1293"]
[PlyCount "46"]
[GameId "2160767910155752"]
[EventDate "2009.07.11"]
[EventType "swiss"]
[EventRounds "9"]
[EventCountry "CAN"]
[SourceTitle "EXT 2022"]
[Source "ChessBase"]
[SourceDate "2021.10.06"]
[SourceVersion "1"]
[SourceVersionDate "2021.10.06"]
[SourceQuality "1"]

1. e4 e6 2. d4 d5 3. Nc3 Bb4 4. e5 c5 5. a3 Bxc3+ 6. bxc3 c4 7. Qg4 g6 8. Ne2 Nc6 9. h4 h5 10. Qf3 Bd7 11. Bg5 Qa5 12. g3 b6 13. Bh3 Rh7 14. O-O Nge7 15. Rfe1 O-O-O 16. a4 Rf8 17. Nf4 Kc7 18. Nxe6+ Bxe6 19. Bxe6 a6 20. Bh3 Ng8 21. Bf6 Nxf6 22. Qxf6 Rd8 23. e6 fxe6 1-0

[Event "CAN-op"]
[Site "Edmonton CAN"]
[Date "2009.07.11"]
[Round "1.92"]
[White "Houston, Michael"]
[Black "Kuczaj, Chris"]
[Result "1/2-1/2"]
[WhiteElo "1269"]
[BlackElo "1902"]
[PlyCount "96"]
[GameId "2160767910155753"]
[EventDate "2009.07.11"]
[EventType "swiss"]
[EventRounds "9"]
[EventCountry "CAN"]
[SourceTitle "EXT 2022"]
[Source "ChessBase"]
[SourceDate "2021.10.06"]
[SourceVersion "1"]
[SourceVersionDate "2021.10.06"]
[SourceQuality "1"]

1. c4 Nf6 2. Nc3 e6 3. e4 c5 4. Nf3 Nc6 5. d4 cxd4 6. Nxd4 Bb4 7. Nxc6 bxc6 8. e5 Qa5 9. Qc2 Qxe5+ 10. Be2 O-O 11. O-O d5 12. cxd5 cxd5 13. Bd2 Qc7 14. Rac1 Bd7 15. Nxd5 Qxc2 16. Nxf6+ gxf6 17. Rxc2 Bxd2 18. Rxd2 Bc6 19. Rc1 Rfc8 20. Rdc2 Bb7 21. a4 Rxc2 22. Rxc2 Rc8 23. Rxc8+ Bxc8 24. Kf1 Kf8 25. Ke1 Ke7 26. Kd2 Kd6 27. Bh5 Bd7 28. a5 Kc5 29. Kc3 Be8 30. b4+ Kb5 31. Be2+ Kc6 32. b5+ Kc5 33. b6 axb6 34. axb6 Kxb6 35. Kd4 Kc6 36. Bd3 Kd6 37. Bxh7 f5 38. Ke3 Ke5 39. h4 Kf6 40. Kf4 Kg7 41. Bxf5 exf5 42. Kxf5 Bd7+ 43. Kg5 Bb5 44. h5 Bd7 45. h6+ Kh7 46. f3 Bc6 47. Kf6 Bd5 48. Kg5 Bc6 1/2-1/2

[Event "CAN-op"]
[Site "Edmonton CAN"]
[Date "2009.07.11"]
[Round "1.93"]
[White "Rachar, Sean"]
[Black "McCleary, Rick"]
[Result "1-0"]
[WhiteElo "1897"]
[BlackElo "1140"]
[PlyCount "65"]
[GameId "2160767910155754"]
[EventDate "2009.07.11"]
[EventType "swiss"]
[EventRounds "9"]
[EventCountry "CAN"]
[SourceTitle "EXT 2022"]
[Source "ChessBase"]
[SourceDate "2021.10.06"]
[SourceVersion "1"]
[SourceVersionDate "2021.10.06"]
[SourceQuality "1"]

1. d4 d5 2. c4 e6 3. Nf3 Bb4+ 4. Bd2 Bxd2+ 5. Qxd2 c5 6. cxd5 Qxd5 7. Nc3 Qd8 8. dxc5 Nc6 9. Qxd8+ Nxd8 10. Nb5 Ke7 11. Ne5 Nc6 12. Nxc6+ bxc6 13. Nd6 Ba6 14. g3 Nf6 15. Bg2 Nd5 16. a3 Rab8 17. e4 Rxb2 18. O-O-O Nc3 19. Kxb2 Nxd1+ 20. Rxd1 Rb8+ 21. Kc2 Bb5 22. Rd4 e5 23. Rb4 a5 24. Rb2 Ba4+ 25. Kc3 Rxb2 26. Kxb2 f6 27. Bf3 g5 28. Be2 h6 29. Nb7 Bb5 30. Bxb5 cxb5 31. Nxa5 Kd7 32. Kc3 Kc7 33. g4 1-0

[Event "CAN-op"]
[Site "Edmonton CAN"]
[Date "2009.07.11"]
[Round "1.95"]
[White "Kong, Dezheng"]
[Black "McCullough, Ian"]
[Result "1-0"]
[WhiteElo "1890"]
[BlackElo "694"]
[PlyCount "55"]
[GameId "2160767910155756"]
[EventDate "2009.07.11"]
[EventType "swiss"]
[EventRounds "9"]
[EventCountry "CAN"]
[SourceTitle "EXT 2022"]
[Source "ChessBase"]
[SourceDate "2021.10.06"]
[SourceVersion "1"]
[SourceVersionDate "2021.10.06"]
[SourceQuality "1"]

1. e4 e6 2. d4 d5 3. exd5 exd5 4. c4 Bb4+ 5. Bd2 Bxd2+ 6. Nxd2 Nf6 7. Ngf3 Bg4 8. Be2 Nc6 9. c5 O-O 10. O-O Re8 11. a3 a5 12. h3 Bh5 13. Re1 Ra6 14. Bxa6 bxa6 15. Qa4 Qd7 16. Rxe8+ Qxe8 17. Re1 Qd7 18. b4 axb4 19. axb4 h6 20. Qxa6 Nxb4 21. Qa8+ Kh7 22. Ne5 Qe8 23. Qxe8 Nxe8 24. g4 Bg6 25. Nxg6 Kxg6 26. Rxe8 Nc6 27. Nf3 f5 28. Re6+ 1-0

[Event "CAN-op"]
[Site "Edmonton CAN"]
[Date "2009.07.11"]
[Round "1.96"]
[White "Ebrahim Shirazi, Behrooz"]
[Black "Mendryk, Wayne"]
[Result "1-0"]
[WhiteElo "2075"]
[BlackElo "1440"]
[PlyCount "53"]
[GameId "2160767910155757"]
[EventDate "2009.07.11"]
[EventType "swiss"]
[EventRounds "9"]
[EventCountry "CAN"]
[SourceTitle "EXT 2022"]
[Source "ChessBase"]
[SourceDate "2021.10.06"]
[SourceVersion "1"]
[SourceVersionDate "2021.10.06"]
[SourceQuality "1"]

1. d4 Nf6 2. c4 e6 3. Nc3 Bb4 4. Bg5 O-O 5. e3 d5 6. a3 Bxc3+ 7. bxc3 Nbd7 8. Bd3 b6 9. cxd5 exd5 10. Ne2 Re8 11. O-O Nf8 12. Qc2 Ng6 13. Bb5 Re6 14. c4 c6 15. f4 Rxe3 16. f5 Nf8 17. Bxc6 Rb8 18. Bxe3 Ng4 19. Bf4 Qf6 20. Bxd5 Bxf5 21. Be4 Bxe4 22. Qxe4 Rc8 23. h3 Nh6 24. Bxh6 Qxh6 25. Ng3 Ne6 26. Nf5 Qg5 27. Rae1 1-0

[Event "CAN-op"]
[Site "Edmonton CAN"]
[Date "2009.07.11"]
[Round "1.97"]
[White "Frier, Ken"]
[Black "Reichert, Wayne"]
[Result "1-0"]
[WhiteElo "1426"]
[BlackElo "1146"]
[PlyCount "53"]
[GameId "2160767910155758"]
[EventDate "2009.07.11"]
[EventType "swiss"]
[EventRounds "9"]
[EventCountry "CAN"]
[SourceTitle "EXT 2022"]
[Source "ChessBase"]
[SourceDate "2021.10.06"]
[SourceVersion "1"]
[SourceVersionDate "2021.10.06"]
[SourceQuality "1"]

1. e4 c5 2. Nf3 d6 3. d4 cxd4 4. Nxd4 Nf6 5. Nc3 a6 6. Bc4 e6 7. Bb3 Be7 8. O-O Bd7 9. Kh1 Nc6 10. f3 h6 11. Be3 O-O 12. Qd2 Qc7 13. a3 Rfe8 14. Rac1 Qc8 15. Na4 Bd8 16. Rfd1 e5 17. Nxc6 Bxc6 18. Qxd6 b5 19. Nb6 Bxb6 20. Bxb6 Rb8 21. Ba5 Qb7 22. Qd3 Re7 23. Qe2 Kh8 24. c4 Nd7 25. cxb5 Bxb5 26. Qf2 f6 27. Bd5 1-0

[Event "CAN-op"]
[Site "Edmonton CAN"]
[Date "2009.07.12"]
[Round "2"]
[White "Dattani, Dinesh"]
[Black "Mackey, John"]
[Result "0-1"]
[WhiteElo "1380"]
[BlackElo "1700"]
[PlyCount "68"]
[GameId "2160767910155760"]
[EventDate "2009.07.11"]
[EventType "swiss"]
[EventRounds "9"]
[EventCountry "CAN"]
[SourceTitle "CBM 132 Extra"]
[Source "ChessBase"]
[SourceDate "2009.11.03"]
[SourceVersion "1"]
[SourceVersionDate "2009.11.03"]
[SourceQuality "1"]

1. e4 c6 2. d4 d5 3. Nc3 dxe4 4. Nxe4 Bf5 5. Ng3 Bg6 6. Nf3 Nd7 7. Bd3 e6 8. O-O Ngf6 9. Re1 Qc7 10. c3 Bd6 11. Nf1 O-O-O 12. h3 e5 13. Ng5 Rhf8 14. Bxg6 hxg6 15. Qb3 exd4 16. cxd4 Nd5 17. Bd2 N7f6 18. a4 Bf4 19. Bxf4 Qxf4 20. Nf3 g5 21. a5 g4 22. a6 b6 23. Ne5 Kc7 24. Rac1 Rd6 25. Qc4 gxh3 26. Nxc6 Ng4 27. Ne5+ Kb8 28. Nxg4 Qxg4 29. Ne3 Qd7 30. Nf5 Qxf5 31. Re7 Rd7 32. Re5 Qg4 33. g3 Qf3 34. Qf1 h2+ 0-1

[Event "CAN-op"]
[Site "Edmonton CAN"]
[Date "2009.07.12"]
[Round "2"]
[White "Grumic, Sasha"]
[Black "Adams, Michael"]
[Result "0-1"]
[WhiteElo "2080"]
[BlackElo "2699"]
[PlyCount "66"]
[GameId "2160767910155761"]
[EventDate "2009.07.11"]
[EventType "swiss"]
[EventRounds "9"]
[EventCountry "CAN"]
[SourceTitle "CBM 132 Extra"]
[Source "ChessBase"]
[SourceDate "2009.11.03"]
[SourceVersion "1"]
[SourceVersionDate "2009.11.03"]
[SourceQuality "1"]

1. e4 e5 2. Nf3 Nc6 3. Bb5 a6 4. Ba4 Nf6 5. O-O Bc5 6. c3 b5 7. Bb3 d6 8. d4 Bb6 9. Be3 Bg4 10. Re1 O-O 11. a4 Bxf3 12. gxf3 Na5 13. Ba2 b4 14. Nd2 bxc3 15. bxc3 Nh5 16. Kh1 Qf6 17. Nc4 Nxc4 18. Bxc4 a5 19. Rg1 Nf4 20. Ra2 Kh8 21. Bxf4 Qxf4 22. Rg4 Qf6 23. f4 exd4 24. Qf3 dxc3 25. Bd3 Bd4 26. Qh3 h6 27. f3 Rab8 28. Rag2 Rg8 29. Qh5 Rb2 30. Bc2 Rgb8 31. h4 Rxc2 32. Rxc2 Rb1+ 33. Kh2 Rb2 0-1

[Event "CAN-op"]
[Site "Edmonton CAN"]
[Date "2009.07.12"]
[Round "2"]
[White "Smith, Maurice"]
[Black "Tang, Edward"]
[Result "1/2-1/2"]
[WhiteElo "1635"]
[BlackElo "1999"]
[PlyCount "90"]
[GameId "2160767910155768"]
[EventDate "2009.07.11"]
[EventType "swiss"]
[EventRounds "9"]
[EventCountry "CAN"]
[SourceTitle "CBM 132 Extra"]
[Source "ChessBase"]
[SourceDate "2009.11.03"]
[SourceVersion "1"]
[SourceVersionDate "2009.11.03"]
[SourceQuality "1"]

1. e4 e5 2. Nf3 Nc6 3. Bb5 a6 4. Ba4 Nf6 5. O-O Be7 6. Re1 b5 7. Bb3 d6 8. c3 O-O 9. h3 Bb7 10. Bc2 Re8 11. d4 h6 12. Nbd2 Bf8 13. d5 Nb8 14. Nf1 Nbd7 15. Ng3 c6 16. dxc6 Bxc6 17. Be3 d5 18. exd5 Nxd5 19. Qd3 N7f6 20. Ne4 Qc7 21. Nxf6+ Nxf6 22. Qe2 Qb7 23. Rad1 g6 24. Nh4 Bg7 25. Bb3 Kh7 26. Bc2 Rac8 27. Bb1 Nd5 28. Bc1 e4 29. Qc2 f5 30. g3 Re5 31. Ng2 Rce8 32. Ne3 Nf6 33. Rd2 f4 34. Nf1 Qc8 35. Kh2 Rh5 36. h4 Qg4 37. Rd6 Rxh4+ 38. gxh4 Qxh4+ 39. Kg1 Re5 40. Bxf4 Rh5 41. Ng3 Qh2+ 42. Kf1 Bd5 43. Rxd5 Rxd5 44. Be3 Qh3+ 45. Kg1 h5 1/2-1/2

[Event "CAN-op"]
[Site "Edmonton CAN"]
[Date "2009.07.12"]
[Round "2.17"]
[White "Purewal, Sardul"]
[Black "Yoos, John"]
[Result "1-0"]
[WhiteElo "2057"]
[BlackElo "2442"]
[PlyCount "103"]
[GameId "2160767910155776"]
[EventDate "2009.07.11"]
[EventType "swiss"]
[EventRounds "9"]
[EventCountry "CAN"]
[SourceTitle "EXT 2022"]
[Source "ChessBase"]
[SourceDate "2021.10.06"]
[SourceVersion "1"]
[SourceVersionDate "2021.10.06"]
[SourceQuality "1"]

1. d4 d6 2. c4 g6 3. Nc3 Bg7 4. e4 Nc6 5. Be3 e5 6. d5 Nce7 7. c5 f5 8. Bb5+ Kf7 9. cxd6 cxd6 10. Nf3 h6 11. Qb3 f4 12. Bd2 g5 13. h3 Ng6 14. O-O-O Nf6 15. Ne1 Bf8 16. Kb1 Be7 17. g3 Kg7 18. Be2 Qf8 19. Ka1 Bd8 20. Nd3 Bb6 21. Qb4 Rb8 22. gxf4 gxf4 23. Rdg1 Kh7 24. Bg4 Qe7 25. Bf5 Bxf5 26. exf5 Nh4 27. Ne4 Nxf5 28. Nxf6+ Qxf6 29. Qe4 Bd4 30. Bb4 Rbd8 31. h4 Rhg8 32. Rxg8 Kxg8 33. h5 Kh8 34. Rc1 Qf7 35. Bxd6 Nxd6 36. Nxe5 Bxe5 37. Qxe5+ Qg7 38. Qxf4 b5 39. Rc6 Rf8 40. Qc1 Rf6 41. a3 Qg2 42. Qc3 Qh1+ 43. Ka2 Qxd5+ 44. Ka1 Kg7 45. Ra6 Kf7 46. Rxa7+ Ke6 47. Ra6 Rf5 48. Qe3+ Kf7 49. Qxh6 Rxh5 50. Ra7+ Ke8 51. Qg6+ Kd8 52. Qf6+ 1-0

[Event "CAN-op"]
[Site "Edmonton CAN"]
[Date "2009.07.12"]
[Round "2.27"]
[White "Daniluk, Jim"]
[Black "Melekhina, Alisa"]
[Result "1-0"]
[WhiteElo "2005"]
[BlackElo "2270"]
[PlyCount "74"]
[GameId "2160767910155783"]
[EventDate "2009.07.11"]
[EventType "swiss"]
[EventRounds "9"]
[EventCountry "CAN"]
[SourceTitle "EXT 2022"]
[Source "ChessBase"]
[SourceDate "2021.10.06"]
[SourceVersion "1"]
[SourceVersionDate "2021.10.06"]
[SourceQuality "1"]

1. d4 Nf6 2. c4 g6 3. Nc3 Bg7 4. e4 d6 5. h3 O-O 6. g4 e5 7. d5 a5 8. Nge2 Na6 9. Ng3 c6 10. Bg5 Nc7 11. Qd2 cxd5 12. exd5 Qd7 13. Bh6 b6 14. Nf5 Bxh6 15. Qxh6 Nfe8 16. Ne4 f6 17. Rg1 Rf7 18. Bd3 gxf5 19. gxf5+ Rg7 20. O-O-O Qf7 21. Ng3 Kh8 22. Nh5 Rxg1 23. Rxg1 Ba6 24. Kd2 b5 25. b3 bxc4 26. bxc4 Rb8 27. Rg6 Nxd5 28. cxd5 Bxd3 29. Nxf6 Nxf6 30. Rxf6 Qg8 31. Rxd6 Rf8 32. Rd8 Rxd8 33. Qf6+ Qg7 34. Qxd8+ Qg8 35. Qxg8+ Kxg8 36. Kxd3 Kf7 37. Ke4 Kf6 1-0

[Event "CAN-op"]
[Site "Edmonton CAN"]
[Date "2009.07.12"]
[Round "2.28"]
[White "Reeve, Jeff"]
[Black "Steele, Len"]
[Result "1-0"]
[WhiteElo "2314"]
[BlackElo "1984"]
[PlyCount "55"]
[GameId "2160767910155784"]
[EventDate "2009.07.11"]
[EventType "swiss"]
[EventRounds "9"]
[EventCountry "CAN"]
[SourceTitle "EXT 2022"]
[Source "ChessBase"]
[SourceDate "2021.10.06"]
[SourceVersion "1"]
[SourceVersionDate "2021.10.06"]
[SourceQuality "1"]

1. e4 g6 2. d4 Bg7 3. Nc3 d6 4. f4 Nf6 5. Nf3 O-O 6. Bd3 Nc6 7. e5 Ne8 8. Be3 d5 9. Qe2 Nb4 10. Bb5 c6 11. Ba4 Na6 12. O-O-O Nb8 13. Rdg1 b5 14. Bb3 a5 15. a4 b4 16. Nd1 e6 17. h4 c5 18. dxc5 Nc6 19. Nd4 Nxd4 20. Bxd4 f6 21. g4 fxe5 22. fxe5 Rf4 23. Qd2 Rf7 24. h5 Qc7 25. hxg6 hxg6 26. Qg5 Kf8 27. Rh7 Qe7 28. Qxg6 1-0

[Event "CAN-op"]
[Site "Edmonton CAN"]
[Date "2009.07.12"]
[Round "2.37"]
[White "Huang, Richard"]
[Black "Li, Zhichao"]
[Result "1/2-1/2"]
[WhiteElo "1888"]
[BlackElo "2183"]
[PlyCount "114"]
[GameId "2160767910155789"]
[EventDate "2009.07.11"]
[EventType "swiss"]
[EventRounds "9"]
[EventCountry "CAN"]
[SourceTitle "EXT 2022"]
[Source "ChessBase"]
[SourceDate "2021.10.06"]
[SourceVersion "1"]
[SourceVersionDate "2021.10.06"]
[SourceQuality "1"]

1. d4 d5 2. c4 c6 3. Nf3 Nf6 4. e3 Bg4 5. h3 Bxf3 6. Qxf3 e6 7. Nc3 Nbd7 8. cxd5 exd5 9. Bd3 Bd6 10. O-O O-O 11. e4 dxe4 12. Nxe4 Nxe4 13. Bxe4 Re8 14. Rd1 h6 15. Bc2 Qf6 16. Qd3 Nf8 17. Bd2 Rad8 18. Bc3 Qg6 19. Qd2 Qg5 20. Qxg5 hxg5 21. Bb3 Ng6 22. g3 Ne7 23. Bd2 g4 24. hxg4 Nd5 25. Bxd5 cxd5 26. Re1 Kf8 27. Rxe8+ Kxe8 28. Kg2 Rc8 29. Rc1 Rxc1 30. Bxc1 Bc7 31. Kf3 Bb6 32. Ke3 Kd7 33. Kd3 a6 34. f4 Bc7 35. g5 g6 36. g4 Kc6 37. f5 Bg3 38. Be3 Kb5 39. b3 Kb4 40. Kc2 Ka3 41. Kb1 Be1 42. Bc1+ Kb4 43. Kc2 Bf2 44. a3+ Kb5 45. Kc3 Bg3 46. Bd2 Bd6 47. Kb2 Kc6 48. a4 b5 49. Kc2 Kb6 50. fxg6 fxg6 51. a5+ Kb7 52. b4 Kc6 53. Kc3 Bc7 54. Kd3 Bd8 55. Ke2 Be7 56. Kd3 Bf8 57. Ke2 Be7 1/2-1/2

[Event "CAN-op"]
[Site "Edmonton CAN"]
[Date "2009.07.12"]
[Round "2.42"]
[White "McKay, Tom"]
[Black "Moloney, Nicholas"]
[Result "0-1"]
[WhiteElo "1614"]
[BlackElo "2230"]
[PlyCount "44"]
[GameId "2160767910155793"]
[EventDate "2009.07.11"]
[EventType "swiss"]
[EventRounds "9"]
[EventCountry "CAN"]
[SourceTitle "EXT 2022"]
[Source "ChessBase"]
[SourceDate "2021.10.06"]
[SourceVersion "1"]
[SourceVersionDate "2021.10.06"]
[SourceQuality "1"]

1. d4 Nf6 2. c4 c5 3. d5 e5 4. Nc3 d6 5. e4 Be7 6. Nf3 O-O 7. Be2 Ne8 8. Bd2 f5 9. O-O f4 10. a3 g5 11. Bd3 g4 12. Ne1 Rf6 13. Ne2 Ng7 14. b4 b6 15. b5 Qe8 16. f3 Qh5 17. fxg4 Bxg4 18. Nf3 Nd7 19. a4 Raf8 20. a5 Rh6 21. h3 Bxh3 22. gxh3 Qxh3 0-1

[Event "CAN-op"]
[Site "Edmonton CAN"]
[Date "2009.07.12"]
[Round "2.45"]
[White "Hambleton, Aman"]
[Black "Ebrahim Shirazi, Behrooz"]
[Result "1-0"]
[WhiteElo "2206"]
[BlackElo "2075"]
[PlyCount "53"]
[GameId "2160767910155795"]
[EventDate "2009.07.11"]
[EventType "swiss"]
[EventRounds "9"]
[EventCountry "CAN"]
[SourceTitle "EXT 2022"]
[Source "ChessBase"]
[SourceDate "2021.10.06"]
[SourceVersion "1"]
[SourceVersionDate "2021.10.06"]
[SourceQuality "1"]

1. d4 d5 2. c4 e6 3. Nc3 Nf6 4. cxd5 exd5 5. Bg5 Be7 6. e3 c6 7. Bd3 Nbd7 8. Nge2 O-O 9. Qc2 Re8 10. O-O Nf8 11. f3 Qa5 12. a3 Be6 13. b4 Qb6 14. Na4 Qc7 15. Nc5 Bc8 16. Rac1 Nh5 17. Bxe7 Qxe7 18. e4 dxe4 19. fxe4 Qg5 20. Bc4 Re7 21. Qb3 Ne6 22. Qf3 Qg6 23. Nxe6 Bxe6 24. Bxe6 Rxe6 25. Rc5 Rxe4 26. Rxh5 Rae8 27. Ng3 1-0

[Event "CAN-op"]
[Site "Edmonton CAN"]
[Date "2009.07.12"]
[Round "2.55"]
[White "McKay, Arnold"]
[Black "Pisanski, Piotr"]
[Result "1/2-1/2"]
[WhiteElo "1889"]
[BlackElo "1428"]
[PlyCount "118"]
[GameId "2160767910155798"]
[EventDate "2009.07.11"]
[EventType "swiss"]
[EventRounds "9"]
[EventCountry "CAN"]
[SourceTitle "EXT 2022"]
[Source "ChessBase"]
[SourceDate "2021.10.06"]
[SourceVersion "1"]
[SourceVersionDate "2021.10.06"]
[SourceQuality "1"]

1. e4 e5 2. Nf3 Nc6 3. Bb5 a6 4. Ba4 Nf6 5. O-O Be7 6. Re1 b5 7. Bb3 O-O 8. c3 d5 9. exd5 Nxd5 10. Nxe5 Nxe5 11. Rxe5 c6 12. Bxd5 cxd5 13. d4 Bd6 14. Re1 Qh4 15. g3 Qh3 16. Qf3 Bf5 17. Qg2 Rae8 18. Be3 h5 19. Qxh3 Bxh3 20. Nd2 f5 21. f4 h4 22. Bf2 hxg3 23. hxg3 Bg4 24. Rxe8 Rxe8 25. Re1 Rd8 26. a3 Kf7 27. Kg2 Rh8 28. Nf1 Bh3+ 29. Kg1 Bg4 30. Nh2 Bh5 31. Kg2 Kf6 32. Nf3 Bxf3+ 33. Kxf3 g6 34. Re2 Kf7 35. g4 Rh3+ 36. Kg2 fxg4 37. Be3 Rf3 38. Bc1 Bxf4 39. Bxf4 Rxf4 40. Kg3 Re4 41. Rxe4 dxe4 42. Kf4 g3 43. Kxg3 Ke6 44. Kf4 Kd5 45. b3 g5+ 46. Ke3 a5 47. c4+ bxc4 48. bxc4+ Kxc4 49. Kxe4 g4 50. d5 g3 51. d6 g2 52. d7 g1=Q 53. d8=Q Qg4+ 54. Ke3 Qg3+ 55. Kd2 Qc3+ 56. Kd1 Qxa3 57. Qg8+ Kc3 58. Qg3+ Kb2 59. Qxa3+ Kxa3 1/2-1/2

[Event "CAN-op"]
[Site "Edmonton CAN"]
[Date "2009.07.12"]
[Round "2.56"]
[White "Miller, Brian"]
[Black "Houston, Michael"]
[Result "1-0"]
[WhiteElo "1889"]
[BlackElo "1269"]
[PlyCount "63"]
[GameId "2160767910155799"]
[EventDate "2009.07.11"]
[EventType "swiss"]
[EventRounds "9"]
[EventCountry "CAN"]
[SourceTitle "EXT 2022"]
[Source "ChessBase"]
[SourceDate "2021.10.06"]
[SourceVersion "1"]
[SourceVersionDate "2021.10.06"]
[SourceQuality "1"]

1. d4 g6 2. c4 Bg7 3. e4 c5 4. d5 d6 5. Nc3 Bxc3+ 6. bxc3 f5 7. exf5 Bxf5 8. Bd3 Qa5 9. Bb2 Bxd3 10. Qxd3 Nd7 11. Nf3 O-O-O 12. O-O Nh6 13. Rfb1 Nf7 14. Bc1 Nde5 15. Nxe5 Nxe5 16. Qh3+ Kb8 17. Rb5 Qc7 18. Qh4 Qd7 19. Rab1 b6 20. a4 Kc7 21. h3 Qf5 22. a5 Nd7 23. axb6+ Nxb6 24. Ra1 Ra8 25. Qxe7+ Qd7 26. Qh4 Nxd5 27. Rba5 Kc6 28. cxd5+ Kxd5 29. c4+ Ke6 30. Qg4+ Ke7 31. Bg5+ Ke8 32. Re1+ 1-0

[Event "CAN-op"]
[Site "Edmonton CAN"]
[Date "2009.07.12"]
[Round "2.61"]
[White "Ritchie, Gordon"]
[Black "Janzen, Tyler"]
[Result "1/2-1/2"]
[WhiteElo "1870"]
[BlackElo "1656"]
[PlyCount "58"]
[GameId "2160767910155800"]
[EventDate "2009.07.11"]
[EventType "swiss"]
[EventRounds "9"]
[EventCountry "CAN"]
[SourceTitle "hb 2009.08"]

1. e4 e6 2. d3 d5 3. Nd2 Nf6 4. g3 c5 5. Bg2 Nc6 6. Ngf3 Be7 7. O-O O-O 8. Re1 dxe4 9. Nxe4 Qc7 10. Bg5 Nxe4 11. Rxe4 Nd4 12. Bxe7 Nxf3+ 13. Qxf3 Qxe7 14. Rae1 b6 15. Rh4 Rb8 16. Qh5 h6 17. Be4 Bb7 18. f4 Qf6 19. Bxb7 Rxb7 20. Qe5 Qxe5 21. fxe5 Rd7 22. Rhe4 Rfd8 23. Rd1 Kh7 24. Kf2 Kg6 25. Ke3 Rd4 26. c3 Rxe4+ 27. Kxe4 Kg5 28. h3 b5 29. c4 Rd4+ 1/2-1/2

[Event "CAN-op"]
[Site "Edmonton CAN"]
[Date "2009.07.12"]
[Round "2.62"]
[White "Sullivan, Brian"]
[Black "Wu, Allan"]
[Result "1-0"]
[WhiteElo "1643"]
[BlackElo "1867"]
[PlyCount "121"]
[GameId "2160767910155801"]
[EventDate "2009.07.11"]
[EventType "swiss"]
[EventRounds "9"]
[EventCountry "CAN"]
[SourceTitle "EXT 2022"]
[Source "ChessBase"]
[SourceDate "2021.10.06"]
[SourceVersion "1"]
[SourceVersionDate "2021.10.06"]
[SourceQuality "1"]

1. d4 Nf6 2. c4 g6 3. Nc3 Bg7 4. Nf3 d6 5. e4 O-O 6. h3 e5 7. d5 a5 8. Be3 Na6 9. Be2 Bd7 10. Qd2 Qe8 11. g4 b6 12. g5 Nh5 13. O-O-O f5 14. gxf6 Nxf6 15. Rdg1 Nc5 16. Qc2 Nh5 17. Nh2 Nf4 18. h4 Nh3 19. Rg2 Nf4 20. Rgg1 h6 21. Rg3 Kh7 22. Bf1 Rf6 23. Rhg1 Nh5 24. Rf3 Rxf3 25. Nxf3 Qf7 26. Be2 Nf4 27. Bxf4 Qxf4+ 28. Kb1 Rf8 29. b3 Bg4 30. Rxg4 Qf7 31. Bd1 Bf6 32. h5 gxh5 33. Rg3 h4 34. Rg4 Qe7 35. Rg1 Bg5 36. Nh2 Rf4 37. Bg4 Qf7 38. Bf5+ Kg8 39. Rg2 Nxe4 40. Bxe4 h3 41. Rxg5+ hxg5 42. f3 Qh5 43. Ne2 Rf6 44. Ng4 Rf8 45. Ng3 Qh4 46. Nf5 Qe1+ 47. Kb2 Qg1 48. Ne7+ Kg7 49. Qc1 Qg2+ 50. Kb1 Rf4 51. Nf5+ Kh8 52. Qc2 Qg1+ 53. Kb2 Qg2 54. Nh2 g4 55. Nxg4 Rxg4 56. fxg4 Qxg4 57. Qd2 Qg2 58. Kc2 Qxe4+ 59. Qd3 Qg4 60. Kb2 h2 61. Qg3 1-0

[Event "CAN-op"]
[Site "Edmonton CAN"]
[Date "2009.07.12"]
[Round "2.67"]
[White "Quiring, John"]
[Black "Danner, Jason"]
[Result "1-0"]
[WhiteElo "1846"]
[BlackElo "1626"]
[PlyCount "91"]
[GameId "2160767910155802"]
[EventDate "2009.07.11"]
[EventType "swiss"]
[EventRounds "9"]
[EventCountry "CAN"]
[SourceTitle "EXT 2022"]
[Source "ChessBase"]
[SourceDate "2021.10.06"]
[SourceVersion "1"]
[SourceVersionDate "2021.10.06"]
[SourceQuality "1"]

1. e4 c5 2. Nc3 Nc6 3. f4 e5 4. Nf3 d6 5. Bc4 Be7 6. O-O Nf6 7. d3 O-O 8. Kh1 a6 9. a4 Bd7 10. Bd2 Rb8 11. Ra3 Qc7 12. h3 Nd4 13. Nd5 Nxd5 14. Bxd5 b5 15. axb5 axb5 16. fxe5 dxe5 17. Nxe5 Be6 18. Bxe6 Qxe5 19. Bd5 Bg5 20. c3 Ne6 21. Rf5 Qg3 22. Bxg5 Nxg5 23. Qf1 Ne6 24. Ra7 Qg6 25. b3 Rbc8 26. c4 b4 27. Qf2 h6 28. h4 Nd8 29. h5 Qg4 30. Qf1 Rb8 31. Kg1 Rc8 32. Bxf7+ Nxf7 33. Rfxf7 Qg5 34. Rac7 Rxc7 35. Rxf8+ Kh7 36. Qf5+ Qxf5 37. Rxf5 g6 38. hxg6+ Kxg6 39. Kf2 Rc6 40. Ke3 Rc7 41. g4 Rc6 42. e5 Ra6 43. Rf6+ Rxf6 44. exf6 Kxf6 45. d4 cxd4+ 46. Kxd4 1-0

[Event "CAN-op"]
[Site "Edmonton CAN"]
[Date "2009.07.12"]
[Round "2.70"]
[White "Magnusson, Saul"]
[Black "Armstrong, Robert J"]
[Result "0-1"]
[WhiteElo "1568"]
[BlackElo "1831"]
[PlyCount "76"]
[GameId "2160767910155803"]
[EventDate "2009.07.11"]
[EventType "swiss"]
[EventRounds "9"]
[EventCountry "CAN"]

1. e4 g6 2. d4 Bg7 3. Nc3 d6 4. f4 Nf6 5. h3 O-O 6. Be3 c5 7. dxc5 Qa5 8. cxd6 Nxe4 9. Bd4 Nxc3 10. bxc3 exd6 11. Bc4 Nc6 12. Bxg7 Kxg7 13. Ne2 Re8 14. Qd2 Bf5 15. O-O-O Qa3+ 16. Kb1 Na5 17. Qd4+ Kg8 18. Rhe1 Rac8 19. Bd3 Be6 20. Nc1 Rxc3 21. f5 gxf5 22. Re3 Nc4 23. Rg3+ Kf8 24. Qg7+ Ke7 25. Qg5+ Kd7 26. Bxc4 Rxg3 27. Bb5+ Kc7 28. Qf4 Rd8 29. Nb3 Bxb3 30. cxb3 Rxg2 31. Rd2 Rxd2 32. Qxd2 Rg8 33. Qc2+ Kb8 34. Qxf5 Rg1+ 35. Bf1 Qa6 36. Qd7 Rxf1+ 37. Kb2 Rf2+ 38. Kc3 Qc6+ 0-1